000 01181nam a2200313 a 4500
001 000112157
003 CHAP
005 20220329144248.0
008 151209s2015 mx a fsm |||||||spa d
010 _a108618
011 _a109590
040 _cCHAP
090 _aTesis
100 1 _aSánchez Córdoba, Roberto
_9130309
245 1 0 _aCaracterización de materiales sobresalientes y propagación vegetativa de jinicuil (Inga jinicuil Schltdl. Ex G. Don.) en la región de Atlixco, Puebla /
_h[En línea]
_cpor Roberto Sánchez Córdoba.
260 _aChapingo, Méx. :
_bEl autor,
_c2015.
500 _aPara ver el contenido del material haga clic en la liga
502 _aTesis (Ing. Agr. Esp. en Fitotecnia) -- UACH. Departamento de Fitotecnia
590 _aE6096MTM
_b05
_c20151209
_lUCH01
_h1156
590 _aE6096MTM
_b05
_c20151209
_lUCH01
_h1202
650 1 4 _aArboles frutales
_xMejoramiento
_96682
650 1 4 _aArboles frutales
_xPropagación
_96686
650 1 4 _aArboles frutales
_xRendimiento
_96689
650 1 4 _aVainas.
_9117191
856 _aFinding aid
_uhttp://10.13.5.2/tesis/sist112157.pdf
_zTeclea aquí
901 _aBK
942 _cTESIS
942 _n0
999 _c108618
_d108618